Statistiche per Classifica Serie B 2021-2022

Clicka qui per fare il quiz!

Statistiche generali

  • Questo quiz è stato fatto 8 volte
  • Il punteggio medio è 16 su 20

Statistiche sulle risposte

SquadraPuntiVintePareggiatePerseGol fattiGol subiti% Corretto
Parma491116114843
100%
Pisa67181374835
100%
Brescia66171565535
86%
Cosenza35811193659
86%
Cremonese6920995739
86%
Crotone26414204161
86%
Frosinone581513105845
86%
Lecce71191455931
86%
Monza67191096038
86%
Reggina46139163149
86%
Vicenza3497223859
86%
Alessandria34810203759
71%
Ascoli65198115242
71%
Benevento63189116239
71%
Como471114134954
71%
Perugia58141684032
71%
SPAL42915144654
71%
Ternana54159145861
71%
Cittadella521313123836
57%
Pordenone1839262971
57%

Distribuzione punteggi

Percentile per numero di risposta

Percentuale di utenti per punteggio

I tuoi punteggi nel tempo

Non hai fatto questo quiz